Технология органических веществ: сухая перегонка дерева; лекции, читанныя студентами Харьковского Технологического института императора Александра III профессором А. П. Лидовым в 1900-1901 гг.

Bibliografiske detaljer
Hovedforfatter: Лидов А. П. Александр Павлович
Sprog:russisk
Udgivet: Харьков, Изд-во Харьковского технологического института, 1901
Fag:
Format: MixedMaterials Bog
KOHA link:https://koha.lib.tpu.ru/cgi-bin/koha/opac-detail.pl?biblionumber=261488

MARC

LEADER 00000nam0a2200000 4500
001 261488
005 20231101233553.0
035 |a (RuTPU)RU\TPU\book\284469 
090 |a 261488 
100 |a 20140523d1901 k y0rusy50 ca 
101 0 |a rus 
102 |a UA 
105 |a a z 001zy 
200 1 |a Технология органических веществ  |e сухая перегонка дерева  |e лекции, читанныя студентами Харьковского Технологического института императора Александра III профессором А. П. Лидовым в 1900-1901 гг.  |f А. П. Лидов 
210 |a Харьков  |c Изд-во Харьковского технологического института  |d 1901 
215 |a 159 с.  |c ил. 
606 1 |a Органические вещества  |2 stltpush  |3 (RuTPU)RU\TPU\subj\32379 
610 1 |a технология 
610 1 |a дерево 
610 1 |a сухая перегонка 
610 1 |a плавление 
610 1 |a переработка 
675 |a 661  |v 3 
700 1 |a Лидов  |b А. П.  |c русский химик-технолог  |c профессор Харьковского технологического института (с 1889 г.)  |f 1853-1919  |g Александр Павлович  |2 stltpush  |3 (RuTPU)RU\TPU\pers\30039  |9 14473 
801 1 |a RU  |b 63413507  |c 20140523 
801 2 |a RU  |b 63413507  |c 20140703  |g RCR 
942 |c BK